000
00241nam a2200097Ia 4500
005
20250424112823.0
008
250424s9999 xx 000 0 und d
300
_a
v. , 134 p. ; 30 cm.
650
_a
Business--Nigeria--Periodicals.
942
_c
SR
999
_c
37324
_d
37324